| 000 | 00393nam a2200121Ia 4500 | ||
|---|---|---|---|
| 005 | 20251222154305.0 | ||
| 008 | 251222s9999||||xx |||||||||||||| ||spa|| | ||
| 020 | _a978-968-24-7810-9 | ||
| 082 | _a632.32/F43 | ||
| 100 | _a"Ferrera-Cerrato, Ronaldy otros" | ||
| 245 | 0 | _a"Microbiología agrícola: Hongos, bacterias, micro y macrofauna, control biológico y planta-microorganismo" | |
| 942 | _cLIB | ||
| 999 |
_c33193 _d33193 |
||